The consideration of critical path analysis in English Law (Record no. 75360)

MARC details
000 -LEADER
fixed length control field 00910cab a2200193 4500
001 - CONTROL NUMBER
control field L129943
008 - FIXED-LENGTH DATA ELEMENTS--GENERAL INFORMATION
fixed length control field 050607n2005 000 0 eng u
035 ## - SYSTEM CONTROL NUMBER
System control number (Sirsi) u129943
041 ## - LANGUAGE CODE
Language code of text/sound track or separate title eng
100 ## - MAIN ENTRY--PERSONAL NAME
Personal name Burr, Andrew
245 #4 - TITLE STATEMENT
Title The consideration of critical path analysis in English Law
260 ## - PUBLICATION, DISTRIBUTION, ETC.
Date of publication, distribution, etc. 2005
490 ## - SERIES STATEMENT
Series statement Construction Law Journal
Volume/sequential designation 21(3) [2005], 222-241(20)
520 ## - SUMMARY, ETC.
Summary, etc. Debates the use of critical path analysis techniques in proof of delay claims and the extent to which the common law provides helpful guidance on the connection between cause and effect in construction delay claims. The development of critical path analysis has arisen partially from the need of courts to adapt to the new techniques made more accessible by computer.
590 ## - LOCAL NOTE (RLIN)
Local note IKA070605
690 ## - LOCAL SUBJECT ADDED ENTRY--TOPICAL TERM (OCLC, RLIN)
Topical term or geographic name as entry element MANAGEMENT-DISPUTE AVOIDANCE, MANAGEMENT AND RESOLUTION
700 ## - ADDED ENTRY--PERSONAL NAME
Personal name Palles-Clark, Robert
942 ## - ADDED ENTRY ELEMENTS (KOHA)
Suppress in OPAC 0
Holdings
Withdrawn status Lost status Source of classification or shelving scheme Damaged status Not for loan Home library Current library Shelving location Date acquired Total Checkouts Full call number Barcode Date last seen Copy number Price effective from Koha item type
    Dewey Decimal Classification     London London Journal article 07/06/2005   L129943 129943-1001 06/08/2019 1 06/08/2019 Journal article